| 000 | 00000nam 2200000za 4500 |
| 001 | 9.576311 |
| 003 | CaOODSP |
| 005 | 20210624185059 |
| 007 | cr ||||||||||| |
| 008 | 150406|1998||||xxc|||||s f000 0 eng d |
| 020 | |z0-662-26987-X |
| 040 | |aCaOODSP|beng |
| 043 | |an-cn--- |
| 086 | 1 |aA22-173/1998E-PDF |
| 110 | 1 |aCanada.|bAgriculture and Agri-Food Canada. |bMarket and Industry Services Branch. |
| 245 | 13|aAn evaluation of oilseed trade liberalization |h[electronic resource] / |c[Karl D. Meilke and Michael Swidinsky]. |
| 260 | |aOttawa : |bAgriculture and Agri-Food Canada, |cJuly 1998. |
| 300 | |a120 p. : |bgraphs, tables. |
| 490 | 1 |aTrade research series |
| 500 | |aHistorical publication digitized by Agriculture and Agri-Food Canada. |
| 504 | |aBibliography. |
| 520 | |a"This report is a joint undertaking by the Policy Branch and the Market and Industry Services Branch of AAFC, in conjunction with a team of representatives from the Canadian oilseed industy. ... This report summarizes the main findings. A separate Summary Report, which caters to a less technical audience is also available in this Trade Research Series."--Preface. |
| 590 | |a13-17-Supp|b2013-07-25 |
| 830 | #0|aTrade research series.|w(CaOODSP)9.504410 |
| 856 | 40|ahttp://publications.gc.ca|qPDF|s5.37 MB|uhttps://publications.gc.ca/collections/collection_2013/aac-aafc/agrhist/A22-173-1998-eng.pdf |
| 986 | |a1972 |